Regard chrétien sur le monde actuel. (Record no. 3391)

MARC details
000 -LEADER
fixed length control field 00591cam a22002171 4500
001 - CONTROL NUMBER
control field af 47006027
003 - CONTROL NUMBER IDENTIFIER
control field DLC
005 - DATE AND TIME OF LATEST TRANSACTION
control field 20260227110835.0
008 - FIXED-LENGTH DATA ELEMENTS--GENERAL INFORMATION
fixed length control field 890704s1945 fr 000 0 fre c
010 ## - LIBRARY OF CONGRESS CONTROL NUMBER
LC control number af 47006027
035 ## - SYSTEM CONTROL NUMBER
System control number (OCoLC)19960006
040 ## - CATALOGING SOURCE
Original cataloging agency Union Theol. Sem. Library
Transcribing agency TNJ
Modifying agency DLC
042 ## - AUTHENTICATION CODE
Authentication code premarc
050 00 - LIBRARY OF CONGRESS CALL NUMBER
Classification number DC397
Item number .F6
100 1# - MAIN ENTRY--PERSONAL NAME
Personal name Folliet, Joseph.
245 10 - TITLE STATEMENT
Title Regard chrétien sur le monde actuel.
260 ## - PUBLICATION, DISTRIBUTION, ETC.
Place of publication, distribution, etc. [Paris]
Date of publication, distribution, etc. 1945.
300 ## - PHYSICAL DESCRIPTION
Extent 39 p.
Dimensions 18 cm.
650 #0 - SUBJECT ADDED ENTRY--TOPICAL TERM
Topical term or geographic name entry element World War, 1939-1945
Geographic subdivision France.
650 #0 - SUBJECT ADDED ENTRY--TOPICAL TERM
Topical term or geographic name entry element World War, 1939-1945
General subdivision Religious aspects.

No items available.

Powered by Koha